LIBRARY & INFORMATION CENTRE, KCAET, TAVANUR

ONLINE PUBLIC ACCESS CATALOGUE (OPAC)

Electrical and electronic engineering for scientist and engineer / (Record no. 10238)

MARC details
000 -LEADER
fixed length control field 00500cam a2200181ua 4500
003 - CONTROL NUMBER IDENTIFIER
control field OSt
008 - FIXED-LENGTH DATA ELEMENTS--GENERAL INFORMATION
fixed length control field 250106b |||||||| |||| 00| 0 eng d
020 ## - INTERNATIONAL STANDARD BOOK NUMBER
ISBN 81-224-0560
041 ## - LANGUAGE CODE
Language code of text/sound track or separate title eng
082 ## - DEWEY DECIMAL CLASSIFICATION NUMBER
Classification number 621.3
Item number KRI/EL
100 ## - MAIN ENTRY--AUTHOR NAME
Personal name Krishnamurthy, K A .
245 ## - TITLE STATEMENT
Title Electrical and electronic engineering for scientist and engineer /
250 ## - EDITION STATEMENT
Edition statement 1 /
260 ## - PUBLICATION, DISTRIBUTION, ETC. (IMPRINT)
Place of publication New Delhi :
Name of publisher New Age International Ltd ,
Year of publication 1998.
300 ## - PHYSICAL DESCRIPTION
Number of Pages 386 ; .
700 1# - ADDED ENTRY--PERSONAL NAME
Personal name Raghuveer, M R .
942 ## - ADDED ENTRY ELEMENTS (KOHA)
Koha item type Books
Holdings
Withdrawn status Lost status Damaged status Home library Current library Date acquired Full call number Accession Number Koha item type Shelving location
      KAUAET KAUAET 07/04/2012 621.3 KRI/EL 20002 Books  
      KAUAET KAUAET 03/09/2018 621.3 KRI/EL 20192 Books Scheme
      KAUAET KAUAET 03/09/2018 621.3 KRI/EL 20193 Books Scheme
free website counter